Melati Sarawak

Bibliographic Details
Main Author: Muhammad Rakawi Yusuf
Format: Book
Published: Kuala Lumpur : Dewan Bahasa dan Pustaka , 2001
Series:Siri novel Malaysia pilihan abad 20
Subjects:

MARC

LEADER 00000cam a2200000 7i4500
001 0000011980
005 20160330.0
008 071122
020 |a 9831378334 
090 0 0 |a MUH   |b MAL (8951) 
100 0 |a Muhammad Rakawi Yusuf 
245 1 0 |a Melati Sarawak   |c Muhammad Rakawi Yusuf 
260 |a Kuala Lumpur :   |b Dewan Bahasa dan Pustaka ,   |c 2001 
440 |a Siri novel Malaysia pilihan abad 20 
500 |a Teenager ages 13-18 years old (blue) 
650 0 |a Malay fiction 
650 0 |a Novel 
999 |a 0001002231   |b Book   |c Teenagers   |e Perbadanan Perpustakaan Awam Johor 
999 |a 0001002232   |b Book   |c Teenagers   |e Perbadanan Perpustakaan Awam Johor 
999 |a 0001002233   |b Book   |c Teenagers   |e Perbadanan Perpustakaan Awam Johor